Vývoj dopravního archivnictví v Československu se zvláštním zřetelem k archivům železničním

Titel: Vývoj dopravního archivnictví v Československu se zvláštním zřetelem k archivům železničním
Verfasser:
In: Paginae historiae, Band 4 (1996), Seite 227-262
alle Artikel anzeigen
Veröffentlicht: 1996
Format: Aufsatz
Sprache: Tschechisch
Kein Bild verfügbar
X
alg: 39303295
001A    $01999:11-11-16 
001B    $06050:04-07-23 $t15:25:24.000 
001C    $06050:19-11-16 $t15:07:27.000 
001D    $01999:11-11-16 
001U    $0utf8 
001X    $00 
002@    $0Aox 
003@    $0393032957 
007A    $0393032957 $aHEB 
007T    $0Herdp03366 
010@    $acze 
011@    $a1996 
021A    $aVývoj dopravního archivnictví v Československu se zvláštním zřetelem k archivům železničním 
028A    $aKunt $dMiroslav 
031A    $d4 $h227-262 $j1996 
037A    $aněm. res. 262: Entwicklung der Archivpflege für Verkehrswesen in der Tschechoslowakei mit besonderer Rücksicht auf Eisenbahnarchive 
039B    $aIn $8--Abvc--. Paginae historiae. - Praha : Národní archiv, 1992-. - ISSN 1211-9768 $x199600000040000773 $9054824478 
045F    $a907.2094371 $eDDC23BSB 
045F/01 $a907.2 
045F/03 $g4371 
045F/03 $g4373 
045T    $a7,41 
045T    $aOST $qDE-12 $2FID 

lok: 39303295 78

exp: 39303295 78 1 #EPN
201B/01 $026-11-17 $t01:31:40.000 
201U/01 $0utf8 
203@/01 $0789143267 
208@/01 $a11-11-16 $be 
209A/01 $a/ $f000 $x00 
220C/01 $aHerkunft: Hú Av Čr Praha 
244Z/01 $#Tschechien $#Tschechische Republik $#Tschechische Republik $#Tschechenland $#Tschechei Tschechien $#Česká Republika $#Czech Republic $#ČR $74303381-7 $8--Tg1--Tschechien $x01 $9086659812 
244Z/01 $2Trx $#Böhmen $#Bohemia $#Czechy $8--Trx--Čechy $x02 $9391188941 
244Z/01 $2Trx $#Slowakische Republik $#Szlovák Köztársaság $#Republika Słowacka $#Slovenská Republika $#Slovensko $#Slowakei $#Słowacja $#Slovensko $8--Trx--Slovenská Republika $x03 $9391345796 
244Z/01 $2Trx $#arhiivi olemus $#archyvistika $#archivistics $#levéltári dolog $#archiwistyka $#archívnictvo $#archivnictví $8--Trx--Archivwesen $x04 $939135406X 
244Z/01 $2Trx $#raudtee $#geležinkeliai $#railways $#vasút $#komunikacja kolejowa $#železnice $#železnice $#Kleinbahnen $#úzkokoľajná železnica $#úzkokolejná železnice $8--Trx--Eisenbahn $x05 $9391371827 
244Z/01 $2Trx $#transport ja liiklus $#susisiekimas $#traffic $#szállítás és forgalom $#komunikacja i transport $#doprava $#doprava $#Verkehr $#transport $#spoje $8--Trx--Transport und Verkehr $x06 $9391358464 
244Z/01 $2Trx $8--Trx--Zeitschriftenaufsatz $x07 $9391384341 
245Z/01 $a04.02 $x01 
247C/01 $82080>Marburg/Lahn, Herder-Institut, Forschungsbibliothek, Bibliographieportal $9336309341
LEADER 00000caa a22000002c 4500
001 393032957
003 DE-603
005 20230704152524.0
007 tu
008 161111s1996 xx |||| | u00||u|cze c
035 |a (DE-599)HEB393032957 
040 |a DE-603  |b ger  |c DE-603  |d DE-603 
041 |a cze 
082 0 4 |8 1\u  |a 907.2094371  |q DE-101  |2 23/BSB 
084 |a 7,41  |2 ssgn 
084 |a OST  |q DE-12  |2 fid 
085 |8 1\u  |b 907.2 
085 |8 1\u  |z 2  |s 4371 
085 |8 1\u  |z 2  |s 4373 
100 1 |a Kunt, Miroslav 
245 0 0 |a Vývoj dopravního archivnictví v Československu se zvláštním zřetelem k archivům železničním 
264 0 |c 1996 
500 |a něm. res. 262: Entwicklung der Archivpflege für Verkehrswesen in der Tschechoslowakei mit besonderer Rücksicht auf Eisenbahnarchive 
773 0 8 |i In  |t Paginae historiae  |d Praha : Národní archiv, 1992-  |x 1211-9768  |g Band 4 (1996), Seite 227-262  |w (DE-603)054824478  |w (DE-600)1280827-1 
924 0 |9 2080  |a (DE-603)789143267  |b DE-2080  |c HES  |d d  |g /